000 00358 a2200169 4500
001 57027
020 _a8532252583
040 _cAnchieta - Pituba
100 _aChikamatsu
240 1 0 _aOs amantes de Sonezaki
_lpor
245 1 0 _aOs amantes de Sonezaki
300 _a80
362 0 _a2005
440 1 _aFTD
650 4 _aLiteratura juvenil
942 _cBK
999 _c57027
_d57027